The essentials of reinforced concrete design; (Record no. 547107)

000 -LEADER
fixed length control field 00866cam a22001811 4500
082 ## - DEWEY DECIMAL CLASSIFICATION NUMBER
Classification number 624.18341
Author Mark GRU
-- L-19, P-30
100 1# - MAIN ENTRY--PERSONAL NAME
Personal name Grundy, Rupert Francis Brooks. [from old catalog]
9 (RLIN) 43287
245 14 - TITLE STATEMENT
Title The essentials of reinforced concrete design;
Remainder of title a simplified text-book with special reference to both old and new L.C.C. regulations and to the code of practice of the Building research board,
Statement of responsibility, etc. by R.F.B. Grundy ... With numerous diagrams, tables, and worked examples.
260 ## - PUBLICATION, DISTRIBUTION, ETC.
Place of publication, distribution, etc. London,
Name of publisher, distributor, etc. Chapman & Hall, ltd.,
Date of publication, distribution, etc. 1939.
300 ## - PHYSICAL DESCRIPTION
Extent xi, 134 p. incl. tables, diagrs.
Dimensions 26 cm.
500 ## - GENERAL NOTE
General note "Reinforced concrete notation" on lining-papers.
526 ## - STUDY PROGRAM INFORMATION NOTE
Program name 0
Interest level 0
Reading level 0
Title point value 624_183410000000000_GRU
650 #0 - SUBJECT ADDED ENTRY--TOPICAL TERM
Topical term or geographic name entry element Building laws
Geographic subdivision Great Britain.
9 (RLIN) 43288
650 #0 - SUBJECT ADDED ENTRY--TOPICAL TERM
Topical term or geographic name entry element Concrete construction.
650 #0 - SUBJECT ADDED ENTRY--TOPICAL TERM
Topical term or geographic name entry element MCE
9 (RLIN) 379
650 #0 - SUBJECT ADDED ENTRY--TOPICAL TERM
Topical term or geographic name entry element Reinforced concrete.
9 (RLIN) 40928
942 ## - ADDED ENTRY ELEMENTS (KOHA)
Source of classification or shelving scheme
Koha item type Book
Holdings
Withdrawn status Lost status Source of classification or shelving scheme Damaged status Not for loan Permanent Location Current Location Date acquired Total Checkouts Total Renewals Full call number Barcode Date last seen Date last checked out Price effective from Koha item type
          Military College of Engineering (MCE) Military College of Engineering (MCE) 07/02/2014 1 3 624.18341 GRU MCE-30075 07/04/2014 07/04/2014 07/02/2014 Book
© 2023 Central Library, National University of Sciences and Technology. All Rights Reserved.